Biblioteca da Unidade Pastoral de Sintra

Sombras no paraíso (Registo nº 3738)

000 -Record Label
fixed length control field 00775cam a22002531 04500
003 - Persistent Record Identifier
control field http://id.bnportugal.gov.pt/bib/porbase/275379
005 - Version Identifier
control field 20200425174858.0
035 ## - Other System Control Numbers
System Control Number (bn)275379
100 ## - General Processing Data
General Processing Data 19920513d1972 m y0pory5003 ba
101 1# - Language of the Resource
Language of Original Work ger
200 1# - Title and Statement of Responsibility
Title Proper Sombras no paraíso
First Statement of Responsibility Erich-Maria Remarque
Subsequent Statement of Responsibility trad. Maria Emília Ferros Moura
210 ## - Publication, Distribution, etc.
Place of Publication, Distribution, etc. Lisboa
Name of Publisher, Distributor, etc. Livros do Brasil,
Date of Publication, Distribution, etc. [D.L. 1972]
215 ## - Physical Description
Specific Material Designation and Extent of Item 422, [2] p.
Dimensions 22 cm
225 2# - Series
Series Title Dois mundos
Volume Designation 112
304 ## - Notes Pertaining to Title and Statement of Responsibility
Text of Note Tít. orig.: Schatten in Paradies
600 ## - Personal Name Used as Subject
Entry Element Erich-Maria Remarque
601 ## - Corporate Body Name Used as Subject
Entry Element Livros do Brasil,
675 ## - Universal Decimal Classification (UDC)
Number 821.112.2-31"19"
Edition BN
Language of Edition por
700 #1 - Personal Name - Primary Responsibility
Entry Element Remarque,
Part of Name Other than Entry Element Erich-Maria,
Additions to Names Other than Dates pseud.
702 #1 - Personal Name - Secondary Responsibility
Entry Element Moura,
Part of Name Other than Entry Element Maria Emília Ferros
Relator Code 730
801 #0 - Originating Source
Country PT
Agency BN
Cataloguing Rules (Descriptive Conventions) RPC
090 ## - System Control Numbers (Koha)
Koha biblioitem number (autogenerated) 3738
942 ## - ADDED ENTRY ELEMENTS (KOHA)
Koha item type Books
Exemplares
Origin of item (home branch) (free text) Type of item and material Lost status Lending or holding organisation (holding branch) code Call number (full call number) Withdrawn status Origin of item (home branch (coded) Barcode Coded location qualifier Circulation type (not for loan)
UPSBooks Biblioteca da Unidade Pastoral de Sintra82-3 REM 3339 Biblioteca da Unidade Pastoral de Sintra33392020-04-25 

Powered by Koha